| 000 | 00803nam a2200277 a 4500 | ||
|---|---|---|---|
| 999 |
_c8910 _d8910 |
||
| 001 | 8910 | ||
| 003 | BD-JhCC | ||
| 005 | 20180305173658.0 | ||
| 008 | 180305s1947 enka 001 0 eng d | ||
| 035 | _a(BD-JhCC)8910 | ||
| 040 |
_aBD-JhCC _cNOC _dBD-JhCC |
||
| 041 | _aeng | ||
| 082 |
_a530 _bSWA 1956 |
||
| 100 | 1 | _aSwallow, Arthur. | |
| 245 | 1 | 0 |
_aPhysics diagrams / _cby A. Swallow and D.F. Bergin. |
| 260 |
_aLondon : _bJohn Murray, _c[1947?] _e(Norwich: _fJarrold & Sons) |
||
| 300 |
_a52 p. : _bill. ; _c25 cm. |
||
| 500 | _aTitle from cover. | ||
| 500 | _aIncludes index. | ||
| 500 | _aMurray file copy no. 668. | ||
| 650 | 0 |
_aPhysics _xCharts, diagrams, etc. |
|
| 650 | 0 |
_aPhysical instruments _xCharts, diagrams, etc. |
|
| 700 | 1 | _aBergin, David F. | |
| 942 |
_2ddc _cBK |
||